| 000 | 00790cab a2200241 4500 | ||
|---|---|---|---|
| 001 | WB3501-60 | ||
| 008 | 090401t1999 xxu||||| |||| 00| 0 eng d | ||
| 035 | _a(Sirsi) u90538 | ||
| 041 | _aeng | ||
| 245 | _aBrown seeks views on CAP reform | ||
| 260 | _c1999 | ||
| 350 | _a0 | ||
| 490 |
_aFarmers Guardian _v1 January 1999, 1(1) |
||
| 520 | _aThe Agriculture Minister is to seek the views of farmers and representatives of the agriculture industry on government proposals for the reform of the Common Agricultural Policy, before the deadline for the reforms of March 1999. | ||
| 650 | _aAGENDA 2000 | ||
| 650 | _aCOMMON AGRICULTURAL POLICY | ||
| 650 | _aEU | ||
| 650 | _aFARM SUBSIDIES | ||
| 650 | _aFARMING | ||
| 690 | _aRURAL PRACTICE | ||
| 942 | _n0 | ||
| 948 | _c06/01/1999 | ||
| 999 |
_c57410 _d57410 |
||